• 首页
  • 本馆介绍
  • 公告通知
  • 最新文献
  • 馆藏检索
  • 电子资源
  • 读者导购
  • 参考咨询
  • 我的图书馆
  • 登录
  • 详细信息显示
  • 放入我的书架
  • 预约/预借图书
  • 作者相关作品
  • 分类相关作品
  • 丛书相关作品
  • 出版社相关作品

书目信息

  • 表格格式
  • 工作单格式
  • 卡片格式
题名:
商业会计学习题集
    
 
作者: 金中泉 编
分册:  
出版信息: 北京   中央广播电视大学出版社  1984
页数: 200页
开本: 19cm
丛书名:
单 册:
中图分类: F235.8
科图分类:
主题词: 会计
电子资源:
ISBN:
000 00628nam0 2200241 45
001 0184013422
005 20040425102458.7
010    @dCNY0.56
091    @a4300.7
100    @a19950606d1984 em y0chiy0121 ea
101 0  @achi
102    @aCN@b110000
105    @ay q 000yy
106    @ar
200 10 @a商业会计学习题集@Ashang ye kuai ji xue xi ti ji@f金中泉等编
210    @a北京@c中央广播电视大学出版社@d1984
215    @a200页@d19cm
606 0  @a会计
690    @aF235.8
701  0 @a金中泉@Ajin zhong quan@4编
801  0 @aCN@b上海图书馆@c20040425
801  2 @aCN@bNLC@c20040425
905    @f1@b111720@dF235.8@e56
    
    商业会计学习题集/金中泉等编.-北京:中央广播电视大学出版社,1984
    200页;19cm
    
    
    ISBN :CNY0.56
    
●
相关链接 在E读中查询图书 在五车中查询图书 在当当中查询图书 在豆瓣中查询图书


正题名:商业会计学习题集     索取号:F235.8/56         预约/预借

序号 登录号 条形码 馆藏地/架位号 状态 备注
1 0111719   000205851   密集书库/ [索取号:F235.8/56] 在馆    
2 0111720   000205815   第一借阅区/ [索取号:F235.8/56] 在馆    
3 0111721   000205897   第一样本阅览室/ [索取号:F235.8/56] 在馆    
唐山师范学院图书馆 欢迎您!
大连网信软件有限公司© 版权所有